Tableau périodique des éléments (niveau Débutant) - Mort subite - Statistiques

Statistiques générales
  • Ce quiz a été pris 100 fois
    84 depuis la dernière actualisation
  • Le résultat moyen est 12 sur 16
Answers on the Grid
Answers color-coded by a green-red scale on the quiz's grid according to % correct below.
Hydrogène
Hélium
Lithium
Carbone
Azote
Oxygène
Sodium
Magnésium
Aluminium
Calcium
Titane
Or
Mercure
Plomb
Iode
Xénon
Oregon
Xénia
Phosphate
Alliage
Omnium
Atomium
Mercurochrome
Babaorum
Aquarium
Aplon
Arnakium
Auvernium
 
Statistiques - réponses
Réponse % Correct
Sodium
81%
Azote
77%
Lithium
77%
Hélium
75%
Mercure
75%
Or
75%
Oxygène
75%
Carbone
73%
Xénon
73%
Aluminium
71%
Hydrogène
71%
Plomb
71%
Titane
71%
Calcium
67%
Magnésium
63%
Iode
62%
Aucun quiz correspondant
Distribution des résultats
% des personnes avec chaque résultat
Percentile par nombre de réponses
Votre historique - résultats
Vous n’avez pas pris ce quiz depuis la dernière actualisation